| 000 | 00450nam a22001817a 4500 | ||
|---|---|---|---|
| 003 | OSt | ||
| 005 | 20241104111514.0 | ||
| 008 | 241104b |||||||| |||| 00| 0 eng d | ||
| 040 | _cMRSPTU | ||
| 041 | _aENG | ||
| 082 |
_a631.45 _bGU-S |
||
| 100 | _aGupta, S.K. | ||
| 245 | _aFundamentals of Soil and Water Conservation Engineering | ||
| 260 |
_aNew Delhi _bDaya Pub. House _c2024 |
||
| 300 | _a671 | ||
| 650 | _aAgriculture | ||
| 942 |
_2ddc _cBK _n0 |
||
| 999 |
_c10415 _d10415 |
||